| 000 -CABECERA |
| fixed length control field |
00956nam a2200193 i 4500 |
| 003 - IDENTIFICADOR DEL NÚMERO DE CONTROL |
| control field |
AR-CdUCM |
| 008 - DATOS DE LONGITUD FIJA--INFORMACIÓN GENERAL |
| fixed length control field |
240801b20222022pe ||||| |||| 00| 0 que d |
| 020 ## - NÚMERO INTERNACIONAL ESTÁNDAR DEL LIBRO |
| ISBN |
978-612-00-7831-0 |
| 040 ## - FUENTE DE LA CATALOGACIÓN |
| Agencia/entidad que catalogó originalmente la obra |
MUNICIPALIDAD PROVINCIAL DEL CUSCO |
| Entidad que transcribió la catalogación |
BIBLIOTECA MUNICIPAL DEL CUSCO |
| 082 ## - NÚMERO DE LA CLASIFICACIÓN DECIMAL DEWEY |
| No. de Clasificación |
869.5 / S71V |
| Notacion interna |
S71V |
| 100 ## - ENTRADA PRINCIPAL--NOMBRE DE PERSONA |
| Nombre Personal |
Soto Gamarra, Isaac |
| 245 ## - MENCIÓN DE TÍTULO |
| Título |
El Viejo Árbol y otros poemas urgentes / |
| 260 ## - PUBLICACIÓN, DISTRIBUCIÓN, ETC. |
| Lugar de publicación, distribución, etc. |
Lima : |
| Fecha de publicación, distribución, etc. |
2022. |
| Nombre de la editorial, distribuidor, etc. |
Grafica Imprime Tus Ideas S.A.C. |
| 300 ## - DESCRIPCIÓN FÍSICA |
| Nº de Páginas Extensión |
60 páginas. : |
| Dimensiones |
14x20 cm. |
| 505 ## - NOTA DE CONTENIDO CON FORMATO |
| Nota de contenido formateada |
Mis huellas perdidas -- Mis canas ni vida -- Soy -- Poeta andino -- Viento -- Balcón -- Poema mamá<br/> |
| 942 ## - ELEMENTOS DE PUNTO DE ACCESO ADICIONAL (KOHA) |
| Fuente de clasificación |
|
| Tipo de item |
Libros-BMC |
| 945 ## - PROCESAMIENTO DE INFORMACIÓN LOCAL (OCLC) |
| Catalogador |
pbjm |
| AAAA-MM-DD - Fecha de ingreso o modificacion |
2024-08-01 |